header

Business strategy series. (Record no. 39035)

MARC details
000 -LEADER
fixed length control field 01196nam a2200301Ia 4500
245 00 - TITLE STATEMENT
Title Business strategy series.
260 ## - PUBLICATION, DISTRIBUTION, ETC. (IMPRINT)
Place of publication [Bradford, England] :
Name of publisher Emerald,
Year of publication 2008.
300 ## - PHYSICAL DESCRIPTION
Number of Pages p. 47-90 :
Other physical details ill.
490 1# - SERIES STATEMENT
Series statement Business strategy series ;
650 #0 - SUBJECT ADDED ENTRY--TOPICAL TERM
Topical Term Business planning.
Topical Term Management.
Topical Term Strategic planning.
856 40 - ELECTRONIC LOCATION AND ACCESS
Uniform Resource Identifier http://site.ebrary.com/lib/rucke/Doc?id=10229717

No items available.

© 2026 Rongo University
Contact us: librarian | system librarian | Rongo university